HANDBOOK OF METEOROLOGY (Record no. 584078)

000 -LEADER
fixed length control field 00284nam a22001217a 4500
020 ## - INTERNATIONAL STANDARD BOOK NUMBER
International Standard Book Number 07-005030-9
082 ## - DEWEY DECIMAL CLASSIFICATION NUMBER
Classification number 551.5 HAN'B
100 ## - MAIN ENTRY--PERSONAL NAME
Personal name BOLLAY, E,BERY, F.A
9 (RLIN) 79008
245 ## - TITLE STATEMENT
Title HANDBOOK OF METEOROLOGY
260 ## - PUBLICATION, DISTRIBUTION, ETC.
Place of publication, distribution, etc. NEWYORK
Name of publisher, distributor, etc. MCGRAW HILL
Date of publication, distribution, etc. 1973
300 ## - PHYSICAL DESCRIPTION
Extent IX, 1068P
942 ## - ADDED ENTRY ELEMENTS (KOHA)
Koha item type Book
Holdings
Withdrawn status Lost status Damaged status Not for loan Permanent Location Current Location Shelving location Date acquired Total Checkouts Full call number Barcode Date last seen Price effective from Koha item type
        College of Electrical & Mechanical Engineering (CEME) College of Electrical & Mechanical Engineering (CEME) Reference 06/23/2017   551.5 HAN'B CEME-7198 06/28/2021 06/28/2021 Book
© 2023 Central Library, National University of Sciences and Technology. All Rights Reserved.